000
00193 a2200097 4500
020
_a
0813667089
041
_a
spa
100
_a
Holloway, Judith
245
_a
Los pajaros son animales
942
_c
BK
999
_c
4538
_d
4538